Art /

Each book begins with an overview of the fundamental hows and whys of art. From this foundation, students embark on a thematic study of art's human commonalities. These themes focus on experiences shared by all cultures and promote an integrated approach to making and perceiving art.

Bibliographic Details
Main Author: Katter, Eldon
Corporate Author: Davis Publications
Other Authors: Stewart, Marilyn G.
Format: Book
Language:English
Published: Worcester, Mass. : Davis Publications, [2001-2002]
Series:Art and the human experience.
Subjects:

MARC

Tag First Indicator Second Indicator Subfields
LEADER 00000cam a2200000Ia 4500
001 in00002182821
005 20151104055456.0
008 060523m20012002maua bd 000 0 eng d
020 |a 0871924897 (Student ed., Gr. 6) 
020 |a 0871926423 (Teachers ed., Gr. 6) 
020 |a 0871925583 (Student ed., Gr. 7) 
020 |a 0871926415 (Teachers ed., Gr. 7) 
020 |a 0871924919 (Student ed., Gr. 8) 
020 |z 08719264311 (Teachers ed., Gr. 8) 
035 |a (OCoLC)ocm69174118 
040 |a WOS  |c WOS  |d TXA  |d UtOrBLW 
049 |a TXAM 
090 |a N362.5  |b .K38 2001 
100 1 |a Katter, Eldon. 
245 1 0 |a Art /  |c Eldon Katter, Marilyn G. Stewart. 
264 1 |a Worcester, Mass. :  |b Davis Publications,  |c [2001-2002] 
264 4 |c ©2001-2002 
300 |a volumes :  |b color illustrations ;  |c 29 cm. +  |e Texas teachers ed. (volumes : color illustrations ; 31 cm.) 
336 |a text  |b txt  |2 rdacontent 
337 |a unmediated  |b n  |2 rdamedia 
338 |a volume  |b nc  |2 rdacarrier 
490 1 |a Art and the human experience 
505 0 |a [Gr. 6]. A global pursuit -- [Gr. 7]. A personal journey -- [Gr. 8]. A community connection. 
520 |a Each book begins with an overview of the fundamental hows and whys of art. From this foundation, students embark on a thematic study of art's human commonalities. These themes focus on experiences shared by all cultures and promote an integrated approach to making and perceiving art. 
521 0 |a Grades 6-8. 
500 |a Glossary in English and Spanish. 
500 |a Texas state adopted textbooks. 
500 |a Conforming. 
650 0 |a Art. 
650 0 |a Art appreciation. 
700 1 |a Stewart, Marilyn G. 
710 2 |a Davis Publications. 
740 2 2 |a A global pursuit. 
740 2 2 |a A personal journey. 
740 2 2 |a A community connection. 
830 0 |a Art and the human experience. 
948 |a cataloged  |b h  |c 2006/6/27  |d c  |e rdavis  |f 2:08:04 pm 
994 |a C0  |b TXA 
999 |a MARS 
999 f f |s 4ae680f4-8044-3f1a-a92a-f61953641822  |i 45c57771-ff70-3677-8629-3cfe87019ed9  |t 0 
952 f f |p normal  |a Texas A&M University  |b College Station  |c Sterling C. Evans Library  |d Evans: Curriculum Collection Textbooks (4th floor)  |t 0  |e N362.5 .K38 2001  |h Library of Congress classification  |i unmediated -- volume  |k Gr.8:Teachers ed.  |m A14834541831 
952 f f |p normal  |a Texas A&M University  |b J.J. Pickle Campus  |c High Density Repository  |d Remote Storage  |t 0  |e N362.5 .K38 2001  |h Library of Congress classification  |i unmediated -- volume  |k Gr.7  |m A14834541865 
952 f f |p normal  |a Texas A&M University  |b J.J. Pickle Campus  |c High Density Repository  |d Remote Storage  |t 0  |e N362.5 .K38 2001  |h Library of Congress classification  |i unmediated -- volume  |k Gr.8  |m A14834541881 
952 f f |p normal  |a Texas A&M University  |b College Station  |c Sterling C. Evans Library  |d Evans: Curriculum Collection Textbooks (4th floor)  |t 0  |e N362.5 .K38 2001  |h Library of Congress classification  |i unmediated -- volume  |k Gr.8  |m A14834541823 
952 f f |p normal  |a Texas A&M University  |b College Station  |c Sterling C. Evans Library  |d Evans: Curriculum Collection Textbooks (4th floor)  |t 0  |e N362.5 .K38 2001  |h Library of Congress classification  |i unmediated -- volume  |k Gr.6  |m A14834541784 
952 f f |p normal  |a Texas A&M University  |b J.J. Pickle Campus  |c High Density Repository  |d Remote Storage  |t 0  |e N362.5 .K38 2001  |h Library of Congress classification  |i unmediated -- volume  |k Gr.6  |m A14834541849 
952 f f |p normal  |a Texas A&M University  |b College Station  |c Sterling C. Evans Library  |d Evans: Curriculum Collection Textbooks (4th floor)  |t 0  |e N362.5 .K38 2001  |h Library of Congress classification  |i unmediated -- volume  |k Gr.7  |m A14834541807 
952 f f |p normal  |a Texas A&M University  |b J.J. Pickle Campus  |c High Density Repository  |d Remote Storage  |t 0  |e N362.5 .K38 2001  |h Library of Congress classification  |i unmediated -- volume  |k Gr.8:Teachers ed.  |m A14834541899 
952 f f |p normal  |a Texas A&M University  |b College Station  |c Sterling C. Evans Library  |d Evans: Curriculum Collection Textbooks (4th floor)  |t 0  |e N362.5 .K38 2001  |h Library of Congress classification  |i unmediated -- volume  |k Gr.6:Teachers ed.  |m A14834541792 
952 f f |p normal  |a Texas A&M University  |b J.J. Pickle Campus  |c High Density Repository  |d Remote Storage  |t 0  |e N362.5 .K38 2001  |h Library of Congress classification  |i unmediated -- volume  |k Gr.7:Teachers ed.  |m A14834541815 
952 f f |p normal  |a Texas A&M University  |b College Station  |c Sterling C. Evans Library  |d Evans: Curriculum Collection Textbooks (4th floor)  |t 0  |e N362.5 .K38 2001  |h Library of Congress classification  |i unmediated -- volume  |k Gr.7:Teachers ed.  |m A14834541873 
952 f f |p normal  |a Texas A&M University  |b J.J. Pickle Campus  |c High Density Repository  |d Remote Storage  |t 0  |e N362.5 .K38 2001  |h Library of Congress classification  |i unmediated -- volume  |k Gr.6:Teachers ed.  |m A14834541857 
998 f f |a N362.5 .K38 2001  |s Gr.6-8  |t 0  |l Evans: Curriculum Collection Textbooks (4th floor) 
998 f f |a N362.5 .K38 2001  |s Gr.6-8  |t 0  |l Evans: Curriculum Collection Textbooks (4th floor)